Control System Engineering 2nd Ed. (Record no. 21624)

MARC details
000 -LEADER
fixed length control field 00294nam a22001217a 4500
008 - FIXED-LENGTH DATA ELEMENTS--GENERAL INFORMATION
fixed length control field 251121b |||||||| |||| 00| 0 eng d
100 ## - MAIN ENTRY--AUTHOR NAME
Personal name U.A. Bakshi
245 ## - TITLE STATEMENT
Title Control System Engineering 2nd Ed.
250 ## - EDITION STATEMENT
Edition statement 2nd Ed.
260 ## - PUBLICATION, DISTRIBUTION, ETC. (IMPRINT)
Place of publication Pune
Name of publisher Technical
Year of publication 2003
300 ## - PHYSICAL DESCRIPTION
Number of Pages 960
942 ## - ADDED ENTRY ELEMENTS (KOHA)
Source of classification or shelving scheme Dewey Decimal Classification
Koha item type Books
Holdings
Accession Number Cost, normal purchase price Source of acquisition Price effective from Koha item type Withdrawn / writtenoff status Damaged status Not for loan Permanent Location Current Location Shelving location Date acquired Lost/ Missing status department
BB 1561 290.00 Donated By Dr. Gurpreet Kaur (ECE) 11/21/2025 Books       MIET Library, Jammu MIET Library, Jammu 102/6 11/20/2025   BB